| 000 | 00842cam a2200289 4500 | ||
|---|---|---|---|
| 001 | WB3619-08 | ||
| 008 | 000000n2000 000 0 eng u | ||
| 035 | _a(Sirsi) u105982 | ||
| 245 | _aPound forces Germans to quit London | ||
| 260 | _c2000 | ||
| 490 |
_aProperty Week _v65(19) 12 May 2000, 1(1) |
||
| 520 | _aGerman investors are being forced to pull out of the UK property market by the soaring value of sterling. | ||
| 590 | _aWB | ||
| 650 | _aGERMANY | ||
| 650 | _aLONDON | ||
| 650 | _aSTERLING | ||
| 650 | _aEURO | ||
| 650 | _aINVESTMENT MARKET | ||
| 650 | _aPROPERTY MARKET | ||
| 650 | _aDGI | ||
| 650 | _aDEGI | ||
| 650 | _aFPD SAVILLS | ||
| 650 | _aINSTITUTIONAL INVESTMENT | ||
| 650 | _aFOREIGN INVESTMENT | ||
| 690 | _aPROPERTY-COMMERCIAL PROPERTY-COMMERCIAL PROPERTY FINANCE AND INVESTMENT | ||
| 942 | _n0 | ||
| 999 |
_c63464 _d63464 |
||